|
|
|
|
| LEADER |
00853nam a2200193Ia 4500 |
| 001 |
CTU_33635 |
| 008 |
210402s9999 xx 000 0 und d |
| 082 |
|
|
|a 910.7
|
| 082 |
|
|
|b H107/1992
|
| 100 |
|
|
|a Châu Thị Mỹ Hạnh
|
| 245 |
|
0 |
|a Một số phương pháp hình thành các khái niệm địa lí kinh tế xã hội trong sách giáo khoa địa lí lớp 10 CCGD
|
| 245 |
|
0 |
|b Luận văn tốt nghiệp Đại học Sư phạm ngành Địa Khóa 14
|
| 245 |
|
0 |
|c Châu Thị Mỹ Hạnh
|
| 260 |
|
|
|a Cần Thơ
|
| 260 |
|
|
|b Trường Đại học Cần Thơ, Khoa Sư phạm, Bộ môn Địa lí
|
| 260 |
|
|
|c 1992
|
| 650 |
|
|
|a geography - study and teaching ( secondary )
|
| 904 |
|
|
|i Nguyễn Quang Điền, 991104
|
| 980 |
|
|
|a Trung tâm Học liệu Trường Đại học Cần Thơ
|